000
00361nam a2200157Ia 4500
005
20250423094707.0
008
250422s9999 xx 000 0 und d
020
_a
0721675093
050
_a
RD 87.3 .C37 C363/
245
0
_a
Cardiac anesthesia
260
_a
Philadelphia
260
_b
W.B.Saunders Comp
260
_c
1999
300
_a
1411 p
942
_c
BK
999
_c
28007
_d
28007